000 00308nam a2200133Ia 4500
005 20251222155134.0
008 251222s9999||||xx |||||||||||||| ||spa||
082 _aLEN.49.1-2/T.II
100 _aVictor Hugo,
245 0 _aLos Miserable I - II
250 _a1ra. ed.
264 _bEl comercio
942 _cLIB
999 _c38940
_d38940